000
00331nam a2200133Ia 4500
008
151213s9999 xx 000 0 und d
100
_a
J.K. Lower
245
_a
Shakespeare's Sonnets Notes .
_c
J.K. Lower
260
_a
U S A
_b
Cliffs Notes
_c
1965
300
_a
1871 p.
650
_a
English
700
_a
J.K. Lower
999
_c
1376
_d
1376